000
00372nam a2200181#a 4500
001
01539
003
HDC
007
ta
008
230623s2023 xx 000 0 eng d
020
_a
9789832025481(pbk)
040
_a
HDC
050
_a
HC79
_b
.I55 2009
245
0
_a
Innovation at a glance.
942
_2
lcc
942
_c
BK
942
_k
HC79
942
_m
.I55 2009
999
_c
23105
_d
23105